| 000 | 01202cam a2200313 i 4500 | ||
|---|---|---|---|
| 001 | 17865207 | ||
| 003 | OSt | ||
| 005 | 20240220102145.0 | ||
| 008 | 130826s2014 enk 001 0 eng | ||
| 010 | _a 2013034270 | ||
| 020 | _a9780415522632 (alk. paper) | ||
| 020 | _a9780415522649 (alk. paper) | ||
| 020 | _z9781315814827 (ebk) | ||
| 040 |
_aDLC _beng _cDLC _erda _dDLC |
||
| 042 | _apcc | ||
| 050 | 0 | 0 |
_aNA2750 _b.B65 2014 |
| 082 | 0 | 0 |
_a720 _223 _bBOR |
| 100 | 1 |
_aBorden, Gail Peter. _9120760 |
|
| 245 | 1 | 0 |
_aProcess : _bmaterial and representation in architecture / _cGail Peter Borden. |
| 250 | _aFirst edition. | ||
| 260 |
_aLondon: _bRoutledge; _c2014. |
||
| 300 |
_a287 pages : _billustrations (some color) ; _c28 cm |
||
| 500 | _aIncludes index. | ||
| 650 | 0 |
_aArchitectural design _vCase studies. _9120761 |
|
| 650 | 0 |
_aArchitecture _xComposition, proportion, etc. _vCase studies. _9120762 |
|
| 906 |
_a7 _bcbc _corignew _d1 _eecip _f20 _gy-gencatlg |
||
| 942 |
_2ddc _cBK _aSADA _k720 BOR 2014 |
||
| 999 |
_c607873 _d607873 |
||